|
|
|
|
| LEADER |
01615cam a2200481 i 4500 |
| 001 |
nkc20162770057 |
| 003 |
CZ PrNK |
| 005 |
20160204134501.0 |
| 007 |
ta |
| 008 |
151125s2015 xr d 000 f cze d |
| 015 |
|
|
|a cnb002770057
|
| 020 |
|
|
|a 978-80-257-1630-4
|q (vázáno)
|
| 035 |
|
|
|a (OCoLC)944218781
|
| 040 |
|
|
|a KMG001
|b cze
|d CBA001
|d BOA001
|e rda
|
| 041 |
1 |
|
|a cze
|h eng
|
| 072 |
|
7 |
|a 821.111(73)-3
|x Americká próza
|2 Konspekt
|9 25
|
| 072 |
|
7 |
|a 821-93
|x Literatura pro děti a mládež (beletrie)
|2 Konspekt
|9 26
|
| 080 |
|
|
|a 821.111(73)-31
|2 MRF
|
| 080 |
|
|
|a 821-93
|2 MRF
|
| 080 |
|
|
|a (0:82-312.9)
|2 MRF
|
| 100 |
1 |
|
|a Larson, M. A.
|7 osa2015895372
|4 aut
|
| 240 |
1 |
0 |
|a Pennyroyal Academy.
|l Česky
|
| 245 |
1 |
0 |
|a Princezna bojovnice /
|c M.A. Larson ; přeložila Anna Vrbová
|
| 250 |
|
|
|a Vydání první
|
| 264 |
|
1 |
|a Praha :
|b Argo,
|c 2015
|
| 300 |
|
|
|a 258 stran ;
|c 22 cm
|
| 336 |
|
|
|a text
|b txt
|2 rdacontent
|
| 337 |
|
|
|a bez média
|b n
|2 rdamedia
|
| 338 |
|
|
|a svazek
|b nc
|2 rdacarrier
|
| 500 |
|
|
|a Přeloženo z angličtiny
|
| 655 |
|
7 |
|a americké romány
|7 fd131796
|2 czenas
|
| 655 |
|
7 |
|a fantasy romány
|7 fd184199
|2 czenas
|
| 655 |
|
7 |
|a publikace pro mládež
|7 fd133157
|2 czenas
|
| 655 |
|
9 |
|a American fiction
|2 eczenas
|
| 655 |
|
9 |
|a fantasy novels
|2 eczenas
|
| 655 |
|
9 |
|a juvenile literature
|2 eczenas
|
| 700 |
1 |
|
|a Vrbová, Anna,
|d 1986-
|7 xx0078290
|4 trl
|
| 910 |
2 |
|
|a BOA001
|b 2-1360.064
|
| 920 |
|
|
|a 0614138
|z CBA001
|
| 990 |
|
|
|a BK
|
| 995 |
|
|
|a 01
|
| 991 |
|
|
|b 201601
|c NOV
|
| 996 |
6 |
|
|b 2610655914
|c 2-1360.064
|l MZK
|r Sklad / do 1 hodiny
|n 0
|p p.v.
|w 001539296
|u 000010
|a 1
|e BOA001
|j MZK50
|s P
|